| 000 | 00770nam a22001937a 4500 | ||
|---|---|---|---|
| 999 |
_c371123 _d371123 |
||
| 008 | 201127b ||||| |||| 00| 0 eng d | ||
| 040 |
_aDE-2950 _bger _cDE-2950 _erda |
||
| 041 | _ager | ||
| 100 | _aWaldmann, Nancy: | ||
| 245 |
_aMal ein Zwischenschritt, mal auch Beweis und Stärkung. _b Ausbildung: 108 Frauen und Männer erhielten ihren Meisterbrief von der Handwerkskammer. Eine Kosmetikerin und ein Heizungsbauer berichten / _cNancy Waldmann |
||
| 264 | _c2021 | ||
| 653 | _aFrankfurt (Oder) | ||
| 653 | _aHandwerk | ||
| 773 |
_dFrankfurt (Oder) Märkisches Verlags- und Druckhaus GmbH & Co KG _tMärkische Oderzeitung _g32. Jahrgang (2021) Nr. 267 vom 15.11.2021, S. 13 |
||
| 942 | _cA | ||